| 000 | 00992na a2200289 4500 | ||
|---|---|---|---|
| 001 | 17900 | ||
| 003 | MIRAKIL | ||
| 005 | 20181213154759.0 | ||
| 008 | 161108b tu 000 0 | ||
| 020 | _a9751924839 | ||
| 040 |
_aMilas _btur _cTR-AnCHP |
||
| 041 | _atur | ||
| 082 |
_a338.93371 _bT96 2000 |
||
| 090 | _a338.93371 T96 2000 | ||
| 245 |
_aTürkiye'nin dış ekonomik ilişkileri özel ihtisas komisyonu raporu _cDevlet Planlama Teşkilatı |
||
| 260 |
_aAnkara _bDevlet Planlama Teşkilatı _c2000 |
||
| 300 |
_a252 s. _btbl. _c27 sm. |
||
| 440 |
_aDPT _v2512 |
||
| 490 |
_aÖİK _v529 |
||
| 500 | _aSekizinci beş yıllık kalkınma planı özel ihtisas komisyonu raporu | ||
| 610 | _aDevlet Planlama Teşkilatı (DPT) | ||
| 650 |
_aBeş yıllık kalkınma planları _yTürkiye |
||
| 650 |
_aUluslararası ekonomi _xKalkınma planı, 2000 _yRaporlar |
||
| 710 | _aDevlet Planlama Teşkilatı (DPT) | ||
| 830 | _aDevlet Planlama Teşkilatı Yayınları | ||
| 942 |
_2dcc _cBKS |
||
| 999 |
_c738 _d738 |
||